Buenos aires, los barrios : guías visuales de la argentina

Guardado en:
Formato: Libro
Publicado: Buenos Aires : Clarín, 2002
Series:Bilioteca Clarín. Serie Guías visuales de la Argentina
Materias:
Etiquetas: Agregar Etiqueta
Sin Etiquetas, Sea el primero en etiquetar este registro!
LEADER 01059nam a22002415a 4500
001 CEM.cems011963
005 20070515121455.0
008 130507s2002##################000#0#####d
003 CEMS
020 |a 9507821651 
082 0 4 |a 918.204 
245 0 0 |a Buenos aires, los barrios :  |b guías visuales de la argentina 
260 |a Buenos Aires :  |b Clarín,  |c 2002 
300 |a 143 p. 
490 0 |a Bilioteca Clarín. Serie Guías visuales de la Argentina 
500 |a Guía de viajes y turismo 
505 0 |a Itinerarios : recorridos paso a paso para reconocer los lugares tradicionales y elegantes de los barrios de Buenos Aires -- A descubrir : mapas ilustrados y dibujos tridimensionales -- Tango y tradición -- Arquitectura -- Espacios verdes -- La cara del arte : recorridos por los museos de Buenos Aires -- 
653 |a Geografía 
653 |a Geografía argentina 
653 |a Geografía argentina-turismo 
653 |a Buenos aires [ciudad] 
653 |a Barrios de buenos aires 
859 |a CEMS  |b BIB. CEMS - 11 de abril  |h 918.204  |i C394-7  |p 23103.05  |t Ej.1